[Event "Open Master"]
[Site "Montpellier"]
[Date "1999.??.??"]
[Round "5"]
[White "Hamdouchi, Hichem"]
[Black "Rausis, Igors"]
[Result "0-1"]
[WhiteElo "2520"]
[BlackElo "2496"]
[PlyCount "94"]
[EventDate "1999.07.??"]

1. e4 c6 2. d4 d5 3. Nd2 dxe4 4. Nxe4 Bf5 5. Ng3 Bg6 6. Bc4 e6 7. N1e2 Bd6 8.
O-O Nd7 9. Nf4 Qh4 10. Qf3 Ngf6 11. Re1 O-O-O 12. h3 Bxc2 13. Nf1 Nd5 14. Nxd5
exd5 15. Bxd5 cxd5 16. Qc3+ Kb8 17. Qxc2 Nf6 18. Be3 Rc8 19. Qb3 g5 20. Qd3 g4
21. Qf5 gxh3 22. g3 Rhg8 23. Rac1 Rcd8 24. Rc2 h5 25. Rec1 Qe4 26. Qxh3 h4 27.
Bg5 hxg3 28. Bxf6 {} 28... Qf4 29. Nxg3 Qxf6 30. Kg2 Qxd4 31. Qf5 a6 32. Rh1
Qe4+ 33. Qxe4 dxe4 34. Rh4 f5 35. Kh3 Bxg3 36. fxg3 Rd3 37. Rg2 Rf3 38. Kh2 Rc8
39. Rf4 Rxf4 40. gxf4 Rh8+ 41. Kg1 Rh4 42. Rf2 Kc7 43. Kf1 Kd6 44. Ke2 Kd5 45.
Ke3 Rh3+ 46. Ke2 Kd4 47. Rg2 Rh4 0-1

[Event "Open Master"]
[Site "Montpellier"]
[Date "1999.??.??"]
[Round "5"]
[White "Marcelin, Cyril"]
[Black "Bertrand, Frederic"]
[Result "1/2-1/2"]
[WhiteElo "2395"]
[BlackElo "2272"]
[PlyCount "139"]
[EventDate "1999.07.??"]

1. e4 d6 2. f4 Nf6 3. Nc3 e5 4. Nf3 exf4 5. d4 d5 6. exd5 Nxd5 7. Nxd5 Qxd5 8.
Bxf4 Qe4+ 9. Qe2 Qxe2+ 10. Bxe2 Bd6 11. Bxd6 cxd6 12. O-O h6 13. Bc4 O-O 14.
Rae1 Nd7 15. Nh4 Nf6 16. Re7 d5 17. Bb3 Rb8 18. h3 Be6 19. Nf5 Ne4 20. Rc7 Nd2
21. Rf2 Ne4 22. Ne7+ Kh7 23. Re2 Nf6 24. c3 Ne8 25. Bc2+ Kh8 26. Rc5 b6 27. Rb5
Rb7 28. Ng6+ fxg6 29. Rxe6 Rbf7 30. Re1 Nc7 31. Rb3 Kh7 32. Bd3 Rf2 33. Rf1
Rxf1+ 34. Bxf1 g5 35. Bd3+ g6 36. a4 Kg7 37. Ra3 Ne6 38. a5 Nf4 39. Bf1 Rb8 40.
axb6 axb6 41. Ra7+ Kf6 42. g3 Ne6 43. Bg2 Rd8 44. Ra6 Rd6 45. Kf2 h5 46. Ra1
Ng7 47. Re1 Nf5 48. Re5 Ne7 49. Bf3 Re6 50. Rxe6+ Kxe6 51. g4 h4 52. Be2 Kd6
53. Bb5 Ke6 54. Be8 Kf6 55. Bd7 Ng8 56. b3 Ke7 57. Bb5 Nf6 58. Bd3 Ne8 59. Bxg6
Nc7 60. Bd3 Ne6 61. Ke3 Kd6 62. c4 Nf4 63. Bf1 Kc6 64. Kd2 b5 65. cxd5+ Kxd5
66. Ke3 b4 67. Bc4+ Kd6 68. Bf1 Kd5 69. Bc4+ Kd6 70. Bf1 1/2-1/2

[Event "Open Master"]
[Site "Montpellier"]
[Date "1999.??.??"]
[Round "5"]
[White "Maes, Wim"]
[Black "Bauer, Christian"]
[Result "1/2-1/2"]
[WhiteElo "2265"]
[BlackElo "2480"]
[PlyCount "96"]
[EventDate "1999.07.??"]

1. e4 e5 2. f4 Nc6 3. Nf3 f5 4. exf5 e4 5. Ne5 Nf6 6. Nc3 Bb4 7. Nxe4 Qe7 8.
Qe2 Nxe4 9. Qxe4 d6 10. Bb5 O-O 11. Bxc6 dxe5 12. Bd5+ Kh8 13. c3 Bc5 14. d4
Bxf5 15. Qe2 exd4 16. Qxe7 Bxe7 17. cxd4 c5 18. Bxb7 Rab8 19. Bf3 cxd4 20. O-O
Bd3 21. Re1 Bb4 22. Re5 Rfe8 23. a3 Be1 24. Be3 Bh4 25. Rxe8+ Rxe8 26. Bxd4 a6
27. g3 Bf6 28. Bxf6 gxf6 29. Rd1 Bb5 30. Kf2 Kg7 31. Rd2 Kg6 32. Be2 Rb8 33. b4
Rc8 34. Bxb5 axb5 35. Rd5 Rc3 36. Rxb5 Rxa3 37. g4 Rb3 38. Rb6 h6 39. h4 Kf7
40. Ke2 Rg3 41. Rb7+ Ke6 42. g5 hxg5 43. fxg5 fxg5 44. h5 Rh3 45. h6 Kd5 46. h7
Kc6 47. Rg7 g4 48. Kf2 Kb5 1/2-1/2

[Event "Open Master"]
[Site "Montpellier"]
[Date "1999.??.??"]
[Round "5"]
[White "Milliet, Sophie"]
[Black "Handke, Harald"]
[Result "1/2-1/2"]
[WhiteElo "1920"]
[BlackElo "2173"]
[PlyCount "103"]
[EventDate "1999.07.??"]

1. e4 e6 2. d4 d5 3. e5 c5 4. Qg4 h5 5. Qh3 cxd4 6. Bd3 Nc6 7. Nf3 Be7 8. Qg3
Bf8 9. O-O Qc7 10. Re1 Bd7 11. Bg5 Nge7 12. Nbd2 O-O-O 13. Nb3 Kb8 14. Nbxd4
Nxd4 15. Nxd4 Rc8 16. Rac1 a6 17. c4 h4 18. Qf3 Nc6 19. Nxc6+ Bxc6 20. cxd5
exd5 21. Bf4 g5 22. Bxg5 Bh6 23. Bxh6 Rxh6 24. Rc2 Re8 25. Rce2 Rhe6 26. Qh5 h3
27. Qxh3 Qd8 28. Qg4 Rg8 29. Qd4 Rh6 30. f4 Qh4 31. g3 Rxg3+ 32. hxg3 Qxg3+ 33.
Rg2 Qxe1+ 34. Bf1 Qe4 35. Qxe4 dxe4 36. Rh2 Rg6+ 37. Kf2 Rg4 38. Ke3 Rg3+ 39.
Kd4 Rf3 40. Bc4 Rxf4 41. Bd5 Bxd5 42. Kxd5 e3 43. Re2 Rf2 44. Rxe3 Rxb2 45. a3
Rd2+ 46. Kc5 Kc7 47. Rf3 Rd7 48. Rf6 Re7 49. Kd5 b6 50. a4 Rd7+ 51. Kc4 Kb7 52.
Kc3 1/2-1/2

[Event "Open Master"]
[Site "Montpellier"]
[Date "1999.??.??"]
[Round "5"]
[White "Relange, Eloi"]
[Black "Touzane, Olivier"]
[Result "0-1"]
[WhiteElo "2452"]
[BlackElo "2348"]
[PlyCount "60"]
[EventDate "1999.07.??"]

1. d4 Nf6 2. Nf3 g6 3. c4 Bg7 4. Nc3 O-O 5. e4 d6 6. Be2 e5 7. O-O Nc6 8. d5
Ne7 9. b4 Nh5 10. Re1 a5 11. bxa5 Rxa5 12. a4 f5 13. Nd2 Nf6 14. Ba3 b6 15. Bd3
Kh8 16. Bb4 Ra8 17. Nb5 Ne8 18. Bc2 c6 19. dxc6 Nxc6 20. Ba3 Be6 21. Nf3 Bxc4
22. Nxd6 Nxd6 23. Bxd6 23... Rf7 {} 24. Qd2 Rd7 25. Rad1 Nd4 26. Nxe5 Rxd6 27.
Nxc4 Nf3+ 28. gxf3 Rxd2 29. Nxd2 Rc8 30. Bb3 Bc3 0-1

[Event "Open Master"]
[Site "Montpellier"]
[Date "1999.??.??"]
[Round "5"]
[White "Solakian, Jerome"]
[Black "Magerramov, Elmar"]
[Result "1/2-1/2"]
[WhiteElo "2242"]
[BlackElo "2567"]
[PlyCount "44"]
[EventDate "1999.07.??"]

1. e4 c5 2. Nf3 d6 3. d4 cxd4 4. Nxd4 Nf6 5. Nc3 a6 6. Be3 Ng4 7. Bg5 h6 8. Bh4
g5 9. Bg3 Bg7 10. Be2 h5 11. Nf5 Bxf5 12. exf5 Bxc3+ 13. bxc3 Nf6 14. h4 g4 15.
Rb1 Qd7 16. Qd4 Nc6 17. Qb6 Nd8 18. Bd3 Rc8 19. O-O Rxc3 20. Rfe1 Rc6 21. Qd4
O-O 22. Qe3 Kh7 1/2-1/2

[Event "Open Master"]
[Site "Montpellier"]
[Date "1999.??.??"]
[Round "5"]
[White "Taleb, Moussa"]
[Black "Beikert, Guenther"]
[Result "1-0"]
[WhiteElo "2324"]
[BlackElo "2446"]
[PlyCount "167"]
[EventDate "1999.07.??"]

1. d4 d5 2. Nf3 c6 3. Bf4 Nf6 4. Nbd2 Bg4 5. e3 e6 6. h3 Bh5 7. Be2 Bd6 8. Ne5
Bxe2 9. Qxe2 Bxe5 10. Bxe5 O-O 11. O-O Nbd7 12. Bh2 Rc8 13. c3 c5 14. Qb5 cxd4
15. exd4 Qb6 16. a4 Qc6 17. Nb3 b6 18. Nd2 Qb7 19. Qb4 a6 20. Rfe1 Nb8 21. a5
b5 22. Qa3 Nc6 23. b4 Qe7 24. Nb3 Nd7 25. Qb2 Qg5 26. Re3 Qg6 27. Rae1 Nd8 28.
Nc1 Nc6 29. Nd3 Qf6 30. Nf4 Qd8 31. Nh5 Nf6 32. Nf4 Ne7 33. Nd3 Ne4 34. Nc1 Nf5
35. Rd3 Rc6 36. f3 Nf6 37. Nb3 Nd7 38. Qd2 Qh4 39. Bf4 Qh5 40. Qf2 Qg6 41. Qd2
h6 42. Kh2 Qh7 43. Kh1 Re8 44. Kh2 g5 45. Be5 f6 46. Bg3 h5 47. Nc5 h4 48. Bf2
Nf8 49. Qd1 Qc7+ 50. Kg1 Ng6 51. Rd2 Kf7 52. Qb1 Qc8 53. Rdd1 Kg7 54. Qc2 Nd6
55. Be3 Nc4 56. Bc1 Qc7 57. Re2 Nf4 58. Bxf4 gxf4 59. Rde1 Ne3 60. Rxe3 fxe3
61. Rxe3 Qf4 62. Qe2 Kf7 63. Qd3 Rg8 64. Qh7+ Rg7 65. Qh5+ Ke7 66. Re2 Qc1+ 67.
Kh2 Qf4+ 68. Kg1 Qc1+ 69. Kh2 Qg5 70. Qh8 Rg8 71. Qh7+ Rg7 72. Qh8 Kf7 73. Qd8
Qg3+ 74. Kh1 Rd6 75. Nd7 Qf4 76. Qf8+ Kg6 77. Ne5+ fxe5 78. Qxd6 Qc1+ 79. Kh2
Qf4+ 80. Kg1 Qc1+ 81. Kf2 Qxc3 82. Qxe6+ Kh7 83. Qxe5 Qxb4 84. Qh5+ 1-0

[Event "Open Master"]
[Site "Montpellier"]
[Date "1999.??.??"]
[Round "6"]
[White "Bauer, Christian"]
[Black "Girardon, Jerome"]
[Result "1-0"]
[WhiteElo "2480"]
[BlackElo "2206"]
[PlyCount "47"]
[EventDate "1999.07.??"]

1. e4 g6 2. d4 Bg7 3. Nc3 d6 4. Bc4 c6 5. Qf3 e6 6. Nge2 b5 7. Bb3 a5 8. a3 Ba6
9. d5 cxd5 10. exd5 e5 11. Ne4 h6 12. g4 Nf6 13. N2g3 Nxe4 14. Nxe4 f5 15. gxf5
O-O 16. Rg1 Bc8 (16... Rxf5 17. Qg4 $18) 17. f6 17... Kh7 {} 18. Rxg6 $1 18...
Kxg6 19. Qg2+ Kf5 20. fxg7 (20. f3 $1 20... Rxf6 21. Qg4#) 20... Rg8 21. c4 Ra7
22. Bc2 Raxg7 23. Qf3+ Kg6 24. Ng3+ 1-0

[Event "Open Master"]
[Site "Montpellier"]
[Date "1999.??.??"]
[Round "6"]
[White "Beikert, Guenther"]
[Black "Kovarcik, Thomas"]
[Result "1/2-1/2"]
[WhiteElo "2446"]
[BlackElo "2201"]
[PlyCount "152"]
[EventDate "1999.07.??"]

1. Nf3 d5 2. b3 Bf5 3. Bb2 e6 4. g3 Nf6 5. Bg2 Nbd7 6. O-O Be7 7. d3 O-O 8.
Nbd2 c6 9. Nh4 Bg6 10. Nxg6 hxg6 11. e4 dxe4 12. dxe4 Qc7 13. Qe2 e5 14. h4
Rad8 15. Nf3 Bd6 16. Ng5 Rfe8 17. a4 Nf8 18. Bh3 N6h7 19. Nxh7 Nxh7 20. h5 gxh5
21. Qxh5 g6 22. Qh6 Bf8 23. Qe3 Qb6 24. Qe2 Qa5 25. Rad1 Ng5 26. Bd7 Re7 27.
Bg4 Ree8 28. Qc4 Bg7 29. Kg2 Rxd1 30. Rxd1 Rd8 31. b4 Qc7 32. Rd3 Qe7 33. a5
Rxd3 34. cxd3 Qd6 35. Bc1 Ne6 36. Bxe6 Qxe6 37. Qxe6 37... fxe6 {} 38. Kf3 Bf8
39. Bd2 Kf7 40. Ke2 a6 41. Kd1 Ke8 42. Kc2 Kd7 43. Kb3 c5 44. Bc3 Bd6 45. bxc5
Bxc5 46. f3 Kd6 47. Kc4 Bf2 48. g4 Be3 49. Be1 g5 50. Bb4+ Kc6 51. Be7 Bf4 52.
Bc5 Bd2 53. Bb6 Kd6 54. Ba7 Bxa5 55. Bc5+ Kc6 56. d4 exd4 57. Be7 Bd2 58. Kxd4
Bf4 59. Kc4 b5+ 60. Kd3 a5 61. Kc3 Be5+ 62. Kb3 Bf4 63. Kc3 a4 64. Bf6 Kc5 65.
Be7+ Bd6 66. Bxg5 b4+ 67. Kd3 a3 68. Be3+ Kb5 69. Bd4 e5 70. Ba1 b3 71. Bc3 a2
72. Bb2 Bc5 73. Kc3 Ka4 74. Kd2 Bd4 75. Kc1 Be3+ 76. Kd1 Bf4 1/2-1/2

[Event "Open Master"]
[Site "Montpellier"]
[Date "1999.??.??"]
[Round "6"]
[White "Bertrand, Frederic"]
[Black "Fontaine, Robert"]
[Result "1/2-1/2"]
[WhiteElo "2272"]
[BlackElo "2408"]
[PlyCount "49"]
[EventDate "1999.07.??"]

1. d4 d5 2. c4 c6 3. Nc3 e6 4. e3 Nf6 5. Nf3 Nbd7 6. Bd3 dxc4 7. Bxc4 b5 8. Bd3
Bb7 9. O-O b4 10. Na4 Be7 11. Qe2 c5 12. Nxc5 Nxc5 13. dxc5 Bxc5 14. e4 h6 15.
h3 Qb6 16. Bf4 O-O 17. Ne5 a5 18. Nc4 Qa7 19. e5 Nd7 20. Qg4 f5 21. Qg6 Rf7 22.
Bxh6 Nf8 23. Qg3 Rd8 24. Bf4 Bd5 25. Rac1 1/2-1/2

[Event "Open Master"]
[Site "Montpellier"]
[Date "1999.??.??"]
[Round "6"]
[White "Bergez, Luc"]
[Black "Degraeve, Jean-Marc"]
[Result "1/2-1/2"]
[WhiteElo "2373"]
[BlackElo "2542"]
[PlyCount "56"]
[EventDate "1999.07.??"]

1. e4 e6 2. d4 d5 3. exd5 exd5 4. Bd3 c5 5. c3 Nc6 6. Ne2 Bd6 7. dxc5 Bxc5 8.
O-O Nge7 9. Nd2 O-O 10. Nb3 Bb6 11. Bf4 Re8 12. Ned4 Ng6 13. Bg3 Qf6 14. Bxg6
Qxg6 15. Nb5 Bg4 16. Qxd5 Rad8 17. Nd6 Re6 18. Rfe1 h5 19. Rxe6 Bxe6 20. Qe4 h4
21. Qxh4 Bxb3 22. axb3 Rxd6 23. Bxd6 Qxd6 24. Re1 Ne5 25. Qh5 f6 26. Qe8+ Kh7
27. Qh5+ Kg8 28. Qe8+ Kh7 1/2-1/2

[Event "Open Master"]
[Site "Montpellier"]
[Date "1999.??.??"]
[Round "6"]
[White "Blot, Jerome"]
[Black "Flear, Glenn"]
[Result "1/2-1/2"]
[WhiteElo "2299"]
[BlackElo "2555"]
[PlyCount "126"]
[EventDate "1999.07.??"]

1. d4 d5 2. Nf3 Nf6 3. Bf4 c5 4. e3 Nc6 5. Be2 e6 6. O-O Bd6 7. Bxd6 Qxd6 8.
Nbd2 O-O 9. c3 e5 10. dxe5 Nxe5 11. Qc2 Bg4 12. Rfe1 Nxf3+ 13. Bxf3 Bxf3 14.
Nxf3 Rad8 15. Rad1 Qa6 16. Nd2 Rfe8 17. e4 g6 18. exd5 Rxd5 19. Rxe8+ Nxe8 20.
Re1 Nf6 21. c4 Rd4 22. b3 Qd6 23. Nf3 Rd3 24. Qb2 Rd1 25. Qe2 Rxe1+ 26. Qxe1
Qd3 27. h4 h5 28. Ng5 Kf8 29. f3 Qd4+ 30. Qf2 Qa1+ 31. Kh2 Qe5+ 32. Qg3 Nd7 33.
Qxe5 Nxe5 34. Ne4 b6 35. Kg1 Nd3 36. Kf1 Ke7 37. Nc3 Ke6 38. g3 Ke5 39. Ke2 Nb4
40. Ke3 f6 41. g4 Nc2+ 42. Kf2 hxg4 43. fxg4 Kf4 44. h5 gxh5 45. gxh5 Kg5 46.
Ne4+ Kxh5 47. Nxf6+ Kg6 48. Ne4 Kf5 49. Nd6+ Ke5 50. Nc8 a5 51. Ke2 Nb4 52. a4
Nc6 53. Kd3 Nb4+ 54. Kc3 Na2+ 55. Kb2 Nb4 56. Nxb6 Ke6 57. Nc8 Nc6 58. Kc3 Ke5
59. Nb6 Nb4 60. Nd7+ Kd6 61. Nf8 Ke5 62. Nd7+ Kd6 63. Nf6 Ke5 1/2-1/2

[Event "Open Master"]
[Site "Montpellier"]
[Date "1999.??.??"]
[Round "6"]
[White "Brochet, Philippe"]
[Black "Soyer, Jean-Yves"]
[Result "1-0"]
[WhiteElo "2349"]
[BlackElo "2160"]
[PlyCount "31"]
[EventDate "1999.07.??"]

1. e4 e6 2. d4 d5 3. Nd2 Nf6 4. e5 Nfd7 5. Bd3 c5 6. c3 Nc6 7. Ngf3 cxd4 8.
cxd4 f5 9. Rg1 Qb6 10. Nb3 a5 11. g4 11... a4 {} 12. gxf5 axb3 13. fxe6 13...
Nxd4 $4 (13... Ndb8 14. Ng5 Rxa2 15. Qh5+ g6 16. Bxg6+ hxg6 17. Qxg6+ Kd8 18.
Nf7+ 18... Kc7 $19) 14. exd7+ Bxd7 15. Nxd4 Bb4+ 16. Kf1 1-0

[Event "Open Master"]
[Site "Montpellier"]
[Date "1999.??.??"]
[Round "6"]
[White "Daurelle, Herve"]
[Black "Cruz-Lopez, Carlos"]
[Result "1-0"]
[WhiteElo "2230"]
[BlackElo "2201"]
[PlyCount "62"]
[EventDate "1999.07.??"]

1. e4 e5 2. Nf3 Nc6 3. Bb5 a6 4. Ba4 Nf6 5. O-O Nxe4 6. d4 b5 7. Bb3 d5 8. dxe5
Be6 9. Nbd2 Nc5 10. c3 d4 11. Ng5 Qxg5 12. Qf3 O-O-O 13. Qxc6 Qxe5 14. cxd4
Qxd4 15. Bxe6+ 15... fxe6 {} 16. b4 Qxa1 17. bxc5 Qxa2 18. Nf3 Qd5 19. Qxa6+
Kd7 20. Qxb5+ c6 21. Qb7+ Ke8 22. Bg5 Rd7 23. Qb8+ Kf7 24. Ne5+ Kg8 25. Nxd7
Qxd7 26. Bf4 Kf7 27. Rb1 Qd3 28. Rb7+ Kg8 29. h3 h6 30. Bd6 Qf5 31. Bxf8 Qxf8
1-0

[Event "Open Master"]
[Site "Montpellier"]
[Date "1999.??.??"]
[Round "6"]
[White "Lezcano, Pedro"]
[Black "Solakian, Jerome"]
[Result "0-1"]
[WhiteElo "2399"]
[BlackElo "2242"]
[PlyCount "86"]
[EventDate "1999.07.??"]

1. d4 Nf6 2. c4 g6 3. Nc3 Bg7 4. e4 d6 5. f4 O-O 6. Nf3 c5 7. dxc5 Qa5 8. Bd3
Qxc5 9. Qe2 Nc6 10. Be3 Qh5 11. h3 Bg4 12. O-O Bxf3 13. Qxf3 Qxf3 14. Rxf3 Nd7
15. Rc1 Rac8 16. b3 a6 17. Rf2 Bd4 18. Bxd4 Nxd4 19. Rd2 Nc5 20. Bb1 Ndxb3 21.
axb3 Nxb3 22. Rcd1 Nxd2 23. Rxd2 Rxc4 24. Ne2 Rfc8 25. Kf2 Kg7 26. Ke3 Rb4 27.
Ba2 Rc7 28. g4 Ra4 29. Rb2 b5 30. Bb3 Rb4 31. Kd3 a5 32. Rb1 a4 33. Ba2 Rxb1
34. Bxb1 b4 35. Bc2 a3 36. Bb3 e6 37. g5 h6 38. h4 hxg5 39. hxg5 Kf8 40. Kd4
e5+ 41. fxe5 dxe5+ 42. Kxe5 Rc3 43. Nd4 Rd3 0-1

[Event "Open Master"]
[Site "Montpellier"]
[Date "1999.??.??"]
[Round "6"]
[White "Lupu, Mircea-Sergiu"]
[Black "Rausis, Igors"]
[Result "1-0"]
[WhiteElo "2489"]
[BlackElo "2496"]
[PlyCount "67"]
[EventDate "1999.07.??"]

1. Nf3 d5 2. d4 c6 3. Bf4 Nf6 4. e3 Bg4 5. Nbd2 e6 6. h3 Bxf3 7. Qxf3 Bd6 8.
Bd3 Bxf4 9. Qxf4 Nbd7 10. O-O Qb6 11. Rab1 O-O 12. c3 c5 13. Nf3 Rac8 14. Rfd1
Qc7 15. Qxc7 Rxc7 16. Ne5 Nxe5 17. dxe5 Nd7 18. f4 c4 19. Bc2 Nc5 20. Rd4 b5
21. Rbd1 g6 22. e4 dxe4 23. Bxe4 Nxe4 24. Rxe4 Rb8 25. Red4 Rbb7 26. a3 a5 27.
g4 b4 28. Rd8+ Kg7 29. g5 bxc3 30. bxc3 Rb5 31. Ra8 Rd5 32. Rb1 f6 33. exf6+
Kf7 34. Rh8 1-0

[Event "Open Master"]
[Site "Montpellier"]
[Date "1999.??.??"]
[Round "6"]
[White "Magerramov, Elmar"]
[Black "Taleb, Moussa"]
[Result "1-0"]
[WhiteElo "2567"]
[BlackElo "2324"]
[PlyCount "151"]
[EventDate "1999.07.??"]

1. Nf3 Nf6 2. c4 e6 3. g3 d5 4. Bg2 Be7 5. O-O O-O 6. d4 Nbd7 7. Qc2 c6 8. Nbd2
c5 9. cxd5 Nxd5 10. a3 b6 11. dxc5 Bxc5 12. b4 Be7 13. Bb2 Bb7 14. Qb3 a5 15.
Nd4 axb4 16. axb4 Rxa1 17. Rxa1 Qb8 18. b5 Nc5 19. Qc4 Rc8 20. Nc6 Bxc6 21.
bxc6 Rxc6 22. Bxd5 exd5 23. Qxd5 Rc8 24. Nc4 Ne6 25. Be5 Rd8 26. Qc6 Qc8 27.
Qxc8 Rxc8 28. Nxb6 Rd8 29. Nc4 Bc5 30. Ra6 Bd4 31. Bxd4 Nxd4 32. e3 Nf3+ 33.
Kg2 Ng5 34. Nb6 h6 35. Ra8 Rxa8 36. Nxa8 f5 37. Nc7 Kf7 38. f3 g6 39. Kf2 Nh7
40. Ke2 Nf6 41. Kd3 Ke7 42. Kd4 Kd6 43. Nb5+ Ke6 44. Nc3 Nd7 45. Nb1 Ne5 46.
Nd2 g5 47. f4 Ng4 48. Nf3 Kf6 49. Kd3 Nf2+ 50. Kc4 Ne4 51. Kd5 g4 52. Ne5 Nd2
53. Kd4 h5 54. Kd3 Ne4 55. Nc4 Ke7 56. Nd2 Nd6 57. Kd4 Ke6 58. Kc5 Ne8 59. Nb3
Nc7 60. Kc6 Ne8 61. Nd4+ Kf6 62. Kd7 Ng7 63. Kd6 Ne8+ 64. Kc6 Ng7 65. Kd7 Kf7
66. Nc6 Kf6 67. Nd8 {} 67... h4 68. gxh4 Nh5 69. Nc6 g3 70. hxg3 Nxg3 71. Ne7
Nf1 72. Nd5+ Kg6 73. Ke6 Kh5 74. Kxf5 Kxh4 75. e4 Ng3+ 76. Ke5 1-0

[Event "Open Master"]
[Site "Montpellier"]
[Date "1999.??.??"]
[Round "6"]
[White "Rainfray, Arnaud"]
[Black "Etchegaray, Patrice"]
[Result "1-0"]
[WhiteElo "2422"]
[BlackElo "2371"]
[PlyCount "89"]
[EventDate "1999.07.??"]

1. e4 Nf6 2. e5 Nd5 3. c4 Nb6 4. c5 Nd5 5. Nc3 e6 6. d4 b6 7. cxb6 axb6 8. Nf3
Be7 9. Bd3 Ba6 10. O-O O-O 11. Re1 Bxd3 12. Qxd3 h6 13. Bd2 Nxc3 14. bxc3 d5
15. exd6 Bxd6 16. Ne5 Bxe5 17. Rxe5 Nd7 18. Re3 Nf6 19. Rg3 Kh8 20. c4 Ra4 21.
Bc3 Ra3 22. Qe2 Qa8 23. Re1 Rxa2 24. Qe5 Qd8 25. h3 Qd6 26. Qb5 Rfa8 27. Re5
Qd7 28. Qb1 28... Qa4 {} 29. d5 exd5 30. cxd5 Qc2 31. Qe1 R2a4 32. Ree3 Rf4
33. Be5 Rf5 34. Rgf3 Rxf3 35. Rxf3 Qg6 (35... Re8 36. Qa1 (36. Rxf6 gxf6 37.
Bxf6+ Kh7 38. Qxe8 Qc1+ 39. Kh2 Qf4+ 40. Kg1 40... Qc1+ $11) 36... Nxd5 37.
Bxg7+ Kh7 38. Bh8 f6 39. Bxf6 39... Qg6 $14) 36. Bxf6 gxf6 37. Qc3 Rg8 38. g3
Rd8 39. Rxf6 Qg7 40. Rxh6+ Kg8 41. Qxc7 Qa1+ 42. Kh2 Re8 43. Rh4 Qe5 44. Qxb6
Qxd5 45. Qf6 1-0

[Event "Open Master"]
[Site "Montpellier"]
[Date "1999.??.??"]
[Round "6"]
[White "Rotstein, Arkadij"]
[Black "Marcelin, Cyril"]
[Result "1/2-1/2"]
[WhiteElo "2460"]
[BlackElo "2395"]
[PlyCount "101"]
[EventDate "1999.07.??"]

1. b3 e5 2. Bb2 d6 3. g3 g6 4. d4 Nd7 5. dxe5 dxe5 6. Nf3 Bg7 7. Bh3 Qe7 8.
Nbd2 Ngf6 9. e4 O-O 10. O-O b6 11. Qe2 a5 12. Ne1 Ba6 13. c4 Rfe8 14. Nd3 Rad8
15. Rad1 Bb7 16. Rfe1 Nc5 17. Nxc5 Qxc5 18. Bg2 Qc6 19. Nf1 Qe6 20. Ne3 c6 21.
Rxd8 Rxd8 22. Rd1 Rd7 23. Bc3 Bf8 24. h4 Bc5 25. Rxd7 Nxd7 26. Kh2 Nf6 27. Bh3
Qd6 28. Nc2 h5 29. f3 Qe7 30. Qd2 Ne8 31. a3 Bd6 32. b4 axb4 33. axb4 f6 34.
Ne3 Kh7 35. Qd3 Ng7 36. b5 cxb5 37. cxb5 Bc5 38. Nd5 Qd6 39. f4 Bxd5 40. Qxd5
exf4 41. Qxd6 Bxd6 42. Bxf6 fxg3+ 43. Kg2 Bc7 44. Bd7 Kg8 45. Bc3 Kf7 46. Bc6
Ne6 47. Bd5 Ke7 48. Bb4+ Kf6 49. Bc3+ Ke7 50. Bb4+ Kf6 51. Bc3+ 1/2-1/2

[Event "Open Master"]
[Site "Montpellier"]
[Date "1999.??.??"]
[Round "6"]
[White "Santo-Roman, Marc"]
[Black "Handke, Florian"]
[Result "0-1"]
[WhiteElo "2400"]
[BlackElo "2361"]
[PlyCount "80"]
[EventDate "1999.07.??"]

1. e4 c5 2. Nf3 Nc6 3. d4 cxd4 4. Nxd4 Nf6 5. Nc3 e5 6. Ndb5 d6 7. Bg5 a6 8.
Na3 b5 9. Bxf6 gxf6 10. Nd5 f5 11. Bd3 Be6 12. Qh5 Rg8 13. g3 Rg5 14. Qxh7 Rc8
15. c3 Rg6 16. Qh5 fxe4 17. Bxe4 Bg4 18. Qh4 Qxh4 19. gxh4 Rh6 20. Nc2 Be6 21.
Nce3 Rxh4 22. f3 Bh6 23. Nf5 Bxf5 24. Bxf5 Rb8 25. Be4 Kd7 26. Bf5+ Kd8 27. Rd1
Ne7 28. Be4 Nxd5 29. Rxd5 Ke7 30. Bf5 Rf4 31. Be4 f5 32. Bc2 Rxf3 33. Rg1 Be3
34. Rg6 Rd8 35. Ke2 Rf2+ 36. Kd1 Rh8 37. Rdxd6 Rhxh2 38. Rge6+ Kf7 39. Rf6+ Kg7
40. Rg6+ Kh7 0-1

[Event "Open Master"]
[Site "Montpellier"]
[Date "1999.??.??"]
[Round "6"]
[White "Sorin, Maxime"]
[Black "Grollemund, Bertrand"]
[Result "1-0"]
[WhiteElo "2249"]
[BlackElo "2134"]
[PlyCount "25"]
[EventDate "1999.07.??"]

1. e4 c5 2. Nf3 Nc6 3. Bb5 g6 4. c3 Bg7 5. d4 cxd4 6. cxd4 Qb6 7. Nc3 Nxd4 8.
Nd5 Nxf3+ 9. Qxf3 Qd8 10. Bf4 {
} 10... e5 $2 (10... Kf8 $5 11. Bc7 Qe8 12.
Ba5 $1 12... b6 13. Nc7 Qd8 14. Bc4 Nh6 15. Nxa8 bxa5 16. Qb3 a4 17. Qb8 a3 18.
O-O axb2 19. Rad1 $16) 11. Be3 Nf6 12. Bg5 Qa5+ 13. b4 1-0

[Event "Open Master"]
[Site "Montpellier"]
[Date "1999.??.??"]
[Round "6"]
[White "Touzane, Olivier"]
[Black "Hamdouchi, Hichem"]
[Result "1-0"]
[WhiteElo "2348"]
[BlackElo "2520"]
[PlyCount "69"]
[EventDate "1999.07.??"]

1. d4 Nf6 2. c4 g6 3. Nc3 Bg7 4. e4 d6 5. f3 O-O 6. Bg5 a6 7. Qd2 c5 8. Nge2
Nbd7 9. Bh6 b5 10. h4 Rb8 11. h5 e6 12. Bxg7 Kxg7 13. hxg6 fxg6 14. cxb5 Qe7
15. dxc5 dxc5 16. Nf4 Ne5 17. O-O-O axb5 18. Bxb5 Rb6 19. Nd3 Nxd3+ 20. Qxd3
Qb7 21. a4 Qb8 22. Qc4 Qe5 23. Rd2 Rf7 24. Rhd1 Ra7 25. Rd8 Ba6 26. Kb1 26...
Bb7 {} 27. b4 $1 27... cxb4 28. Qxb4 Kh6 29. a5 Rc6 30. Rh1+ Kg5 31. Ne2 Nh5
32. Qe7+ Kh6 33. Qf8+ Qg7 34. Qxg7+ Kxg7 35. Rd7+ 1-0

[Event "Open Master"]
[Site "Montpellier"]
[Date "1999.??.??"]
[Round "7"]
[White "Etchegaray, Patrice"]
[Black "Sorin, Maxime"]
[Result "0-1"]
[WhiteElo "2371"]
[BlackElo "2249"]
[PlyCount "128"]
[EventDate "1999.07.??"]

1. e4 c5 2. Nf3 Nc6 3. Bb5 e6 4. O-O Nge7 5. Nc3 a6 6. Bxc6 Nxc6 7. d4 cxd4 8.
Nxd4 Qc7 9. Kh1 Be7 10. f4 O-O 11. f5 Bf6 12. Bf4 e5 13. Nxc6 bxc6 14. Be3 Rd8
15. g4 Be7 16. g5 {} 16... d5 17. f6 d4 18. fxe7 Qxe7 19. Qf3 dxe3 20. Qxe3
Be6 21. Qg3 Qc5 22. Rf2 Rd4 23. h4 Rad8 24. b3 Rd2 25. Raf1 Rxf2 26. Rxf2 Bg4
27. Kg2 Bh5 28. Na4 Qd4 29. Nc3 Qc5 30. Kh2 Rd6 31. Rg2 Qd4 32. Qe1 Qb4 33. Rd2
Rxd2+ 34. Qxd2 Qd4 35. Qe1 Bg6 36. Kg3 f5 37. exf5 Bxf5 38. Kg2 Bxc2 39. Qg3
Bf5 40. Qf3 Qg4+ 41. Qxg4 Bxg4 42. Kg3 Bf5 43. b4 Kf7 44. Kf3 Ke6 45. Ke3 Bh3
46. a3 Bf1 47. Kf2 Bc4 48. Kf3 Bb3 49. Ke4 Bc2+ 50. Ke3 Kf5 51. Kf3 e4+ 52. Ke3
Kg4 53. a4 Kxh4 54. Kf4 Bd3 55. a5 h6 56. gxh6 gxh6 57. Nd1 Kh3 58. Nf2+ Kg2
59. Nxe4 Bxe4 60. Kxe4 h5 61. Kd4 h4 62. Kc5 h3 63. Kxc6 h2 64. b5 axb5 0-1

[Event "Open Master"]
[Site "Montpellier"]
[Date "1999.??.??"]
[Round "7"]
[White "Handke, Florian"]
[Black "Touzane, Olivier"]
[Result "1-0"]
[WhiteElo "2361"]
[BlackElo "2348"]
[PlyCount "141"]
[EventDate "1999.07.??"]

1. d4 Nf6 2. c4 g6 3. Nc3 Bg7 4. e4 d6 5. Nf3 O-O 6. Be2 e5 7. O-O Nc6 8. d5
Ne7 9. b4 Nh5 10. Re1 a5 11. bxa5 Rxa5 12. Nd2 Nf4 13. Bf1 f5 14. g3 Nh5 15. a4
Nf6 16. Bg2 f4 17. Ba3 b6 18. Nb5 Ne8 19. Bb4 Ra8 20. Nf1 Rf6 21. a5 bxa5 22.
Rxa5 Rxa5 23. Bxa5 Bd7 24. Qb3 Qc8 25. c5 f3 26. Bh1 Qa6 27. c6 27... Bh3 {}
28. Bxc7 (28. Ra1 $1) 28... Nxc7 29. Nxc7 Qa5 30. Rb1 Qxc7 31. Bxf3 Nc8 32. Be2
Qa7 33. Qe3 Bh6 34. Qxa7 Nxa7 35. g4 Bxf1 36. Bxf1 Bd2 37. g5 Rf8 (37... Bxg5
$5) 38. h4 Bc3 39. Kg2 Bd4 40. f3 Nc8 41. Rb7 Ba7 42. Ba6 Bc5 43. Kg3 Nb6 44.
Bf1 Na8 45. Bh3 Bb6 46. Be6+ Kh8 47. Rd7 Rd8 48. Re7 Nc7 49. Bh3 Kg8 50. h5 Ba5
51. h6 Be1+ 52. Kg2 Ba5 53. Be6+ Kh8 54. Rf7 Bb6 55. Kg3 Ba5 56. f4 exf4+ 57.
Kxf4 Bd2+ 58. Kf3 Ba5 59. e5 dxe5 60. Ke4 Nb5 61. Kxe5 61... Bc7+ {} 62. Rxc7
$1 62... Nxc7 63. d6 Ne8 64. c7 Rxd6 65. c8=Q Rd5+ 66. Kf4 Rd4+ 67. Kg3 Rd3+
68. Kh4 Rd4+ 69. Bg4 Re4 70. Kg3 Kg8 71. Be6+ 1-0